|
|
|
|
| LEADER |
00823nas a2200253 u 4500 |
| 001 |
10028728 |
| 003 |
upatras |
| 005 |
20210117195656.0 |
| 008 |
880922s1986 au z p eng |
| 952 |
|
|
|0 0
|1 0
|4 0
|7 0
|9 22276
|a LISP
|b LISP
|c SER
|d 2016-04-24
|i 4
|l 0
|r 2016-04-24 00:00:00
|t 1
|w 2016-04-24
|y JNL
|
| 999 |
|
|
|c 13622
|d 13622
|
| 022 |
|
|
|a 0177-7963
|
| 040 |
|
|
|a GR-PaULI
|c GR-PaULI
|
| 041 |
0 |
|
|a eng
|
| 082 |
0 |
4 |
|a 53
|
| 222 |
|
0 |
|a Few-body systems
|b [Περιοδικό]
|
| 245 |
1 |
0 |
|a Few-body systems
|h [Περιοδικό]
|
| 260 |
|
|
|a Wien ; New York
|b Springer
|
| 310 |
|
|
|a Αλλη
|
| 362 |
0 |
|
|a 1(1986) -
|
| 500 |
|
|
|a SwetsNet 1998
|
| 852 |
|
|
|a GR-PaULI
|b ΠΑΤΡΑ
|b ΒΚΠ
|b A
|k ΠΕΡ
|m 4
|t 1
|3 1(1986)-
|3 Vol.27:No.1(1999)-Vol.27:No.3-4(1999)
|
| 866 |
|
|
|a 1(1986)-
|a Vol.27:No.1(1999)-Vol.27:No.3-4(1999)
|
| 942 |
|
|
|2 ddc
|s 1
|c JNL
|